| 000 | 00453nam a2200169 a 4500 | ||
|---|---|---|---|
| 005 | 20140310183228.0 | ||
| 008 | 040311s19uu xx 00 eng d | ||
| 020 | _a000220860 | ||
| 050 |
_aPS 3563.A942 _b.M466 1987 |
||
| 100 | _aMay, Julian | ||
| 245 |
_aIntervention : _ba root tale to the galactic / _cJulian May. |
||
| 260 |
_aLondon : _bCollins, _c1987. |
||
| 300 |
_a546 p. : _c18 cm. |
||
| 650 | _aFiction | ||
| 942 |
_cBK _2lcc |
||
| 999 |
_c20453 _d20453 |
||